| Tag |
First Indicator |
Second Indicator |
Subfields |
| LEADER |
00000cam a2200000 4500 |
| 001 |
in00000049626 |
| 005 |
20151007073658.0 |
| 008 |
761215s1938 nyua bf 00010 engm |
| 010 |
|
|
|a 38028985
|
| 035 |
|
|
|a (OCoLC)02625087
|
| 035 |
|
|
|9 AAF0165AM
|
| 040 |
|
|
|a DLC
|c DRB
|d TXA
|d UtOrBLW
|
| 049 |
|
|
|a TXAM
|c [81249]
|
| 050 |
0 |
0 |
|a TL152
|b .P27
|
| 082 |
0 |
|
|a 629.2
|
| 092 |
|
|
|a 629.2
|b P173m
|
| 100 |
1 |
|
|a Palmer, Dewey Homer,
|d 1898-
|
| 245 |
1 |
0 |
|a Millions on wheels ;
|b how to buy, drive, and save money on your automobile /
|c by Dewey H. Palmer ... and Laurence E. Crooks.
|
| 264 |
|
1 |
|a New York :
|b Vanguard press,
|c [1938]
|
| 264 |
|
4 |
|c [©1938]
|
| 300 |
|
|
|a xiii, 3-308 pages :
|b illustrations, diagram ;
|c 20 cm.
|
| 336 |
|
|
|a text
|b txt
|2 rdacontent
|
| 337 |
|
|
|a unmediated
|b n
|2 rdamedia
|
| 338 |
|
|
|a volume
|b nc
|2 rdacarrier
|
| 490 |
0 |
|
|a Consumers union publications
|
| 504 |
|
|
|a Bibliography: pages 291-299.
|
| 650 |
|
0 |
|a Automobiles.
|
| 650 |
|
0 |
|a Automobiles
|v Handbooks, manuals, etc.
|
| 650 |
|
0 |
|a Automobile drivers.
|
| 700 |
1 |
|
|a Crooks, Laurence Edgar,
|d 1896-
|
| 999 |
|
|
|a MARS
|
| 999 |
f |
f |
|s 01223725-7e79-361d-b241-7bb2a5e9256b
|i 1f83760e-81a5-3958-b69e-6c234d4199c7
|t 0
|
| 952 |
f |
f |
|p ric
|a Texas A&M University
|b Rellis Campus
|c Joint Library Facility
|d Remote Storage
|t 0
|e TL152 .P27
|h Library of Congress classification
|i unmediated -- volume
|m A14801050429
|
| 998 |
f |
f |
|a TL152 .P27
|t 0
|l Remote Storage
|